000 00982nam a2200193Ii 4500
003 JO-AjNU
008 230605s9999||||xx |||||||||||||| ||und||
040 _aJO-AjNU
_bara
_erda
_cJO-AjNU
041 _aara
050 1 4 _aPJ7577.N37 2004
100 3 _aالكويت، المجلس الوطني للثقافة والفنون والآداب ؛ ندوة مهرجان القرين الثقافي : الرواية العربية ممكنات السرد ,
_eauthor
_947745
245 0 0 _aالرواية العربية .. ممكنات السرد : ندوة مهرجان القرين الثقافي الحادي عشر، ج1
264 3 1 _aالكويت:المجلس الوطني للثقافة والفنون والآداب،2004
300 _aج1، 294ص
336 _atext
_btxt
_2rdacontent
337 _aunmediated
_bn
_2rdamedia
338 _avolume
_bnc
_2rdacarrier
650 4 _a القصة العربية - تاريخ ونقد - القرن العشرين - مؤتمرات 
_947746
999 _aA20864
_c24432
_d24432